Who said these memes? - Star Wars - Statistics

General Stats
  • This quiz has been taken 101 times
  • The average score is 12 of 16
Answer Stats
Meme Character % Correct
Hello there. Obi-Wan Kenobi
91%
Begun, the Clone War has... Yoda
91%
Do it. Sheev Palpatine
90%
It's a trap! Gial Ackbar
88%
General Kenobi. General Grievous
86%
This is where the fun begins. Anakin Skywalker
85%
I know. Han Solo
84%
I love you! Leia Organa
83%
You are on this council, but we do not grant you the rank of master. Mace Windu
83%
So this is how liberty dies... with thunderous applause. Padmé Amidala
83%
The ability to speak does not make you intelligent. Qui-Gon Jinn
65%
They fly now? Finn
53%
Twice the pride, double the fall. Dooku
51%
What about the droid attack on the Wookiees? Ki-Adi-Mundi
51%
They fly now. Poe
51%
200,000 units are ready, with one million more on the way. Taun We
20%
No matching quizzes found
Score Distribution
Percent of People with Each Score
Percentile by Number Answered
Your Score History
You have not taken this quiz